SAM advanced management journal

Salvato in:
Dettagli Bibliografici
Natura: Periodico
Lingua:inglese
Pubblicazione: Vinton The Society for Advancement of Management
Tags: Aggiungi Tag
Nessun Tag, puoi essere il primo ad aggiungerne!!

MARC

LEADER 00000nas1a22000001 4500
001 s120472
005 20041019155345.9
041 0 |a eng 
044 |a US 
245 1 0 |a SAM advanced management journal 
264 1 |a Vinton  |b The Society for Advancement of Management